| 000 | 01454nam a2200289Ia 4500 | ||
|---|---|---|---|
| 999 |
_c51518 _d51518 |
||
| 001 | 18507 | ||
| 003 | GE_BSU | ||
| 005 | 20191008113840.0 | ||
| 008 | 181216s2015||||ge |||||||||||||| ||geo|| | ||
| 020 | _a9789941134067 | ||
| 040 | _cGE_BSU | ||
| 041 | _ageo | ||
| 080 | _a338.2(075.8) კ-61 | ||
| 100 |
_aკლუმპი,რაინერ _94607 |
||
| 245 |
_aეკონომიკური პოლიტიკა : მიზნები, ინსტრუმენტები და ინსტიტუციები / _cრაინერ კლუმპი ; გერმ. თარგმნ : .ი. გეგეჭკორმა ; სამეცნ. რედ : რ. გველესიანი . |
||
| 250 | _aმესამე განახლ. გამოც. | ||
| 264 |
_aთბილისი : _bთსუ, _c2015. |
||
| 300 |
_a423 გვ.: _c.22 სმ. |
||
| 504 | _aბიბლიოგრ. გვ. 417-423 | ||
| 541 | _h27ლ.20თ. | ||
| 653 | _aეკონომიკა | ||
| 653 | _aეკონომიკური პოლიტიკა | ||
| 653 | _aმიზნები,ინსტრუმენტები და ინსტიტუციები | ||
| 700 |
_aგეგეჭკორი, ი _eმთარგმნელი _94608 |
||
| 700 |
_aგველესიანი, რ _eსამეცნიერო რედაქტორი _94609 |
||
| 942 |
_cBK _2udc |
||